000 00894cam a2200313 a 4500
001 4211
003 FISKH
005 20240704153123.0
008 081003s2009 nyua b 000 1 eng
010 _a 2008042956
020 _a0545110289 (alk. paper)
020 _a9780545110280
040 _aDLC
_cDLC
_dDLC
_beng
050 _aPZ7.A7379
082 _2523.1
100 1 _aArnold, Tedd.
245 1 0 _aI spy Fly Guy /
_cTedd Arnold.
260 _aNew York :
_bScholastic,
_c2009.
300 _a30 pages :
_bcolor illustrations ;
_c23 cm
505 _aF
520 _aWhile playing hide-and-seek with Buzz, Fly Guy is taken away by a garbage man.
521 8 _a310
_bLexile
521 8 _aF
_bRaz-Plus
650 1 _aFlies
_vFiction.
650 1 _aHide-and-seek
_vFiction.
906 _a7
_bcbc
_corignew
_d1
_eecip
_f20
_gy-gencatlg
942 _2ddc
_cBK
_n0
999 _c4211
_d4211